000 00352nam a2200133Ia 4500
008 240624s9999 xx 000 0 und d
041 _aeng
082 _a658 LAN
100 _aLANE HENRY W
245 _aINTERNATIONAL MANAGEMENT BEHAVIOR LEADIN
250 _a(6th ed.)
260 _c2012
_aNew Delhi
_bWiley India
300 _axii, , 410 , 23 : p. : cm.
999 _c28846
_d28846